000 00679nam a2200289Ia 4500
005 20260324142835.0
008 008 260324s9999 xx 000 0 eng d
020 _a9780203423240
037 _aEBOOK
040 _aCRL
040 _beng
040 _cCRL
041 _2eng
041 _aeng
084 _qCRL
100 _aGenevieve Lloyd
_91209903
245 4 _aThe Man of Reason
245 0 _b"Male" and "Female" in Western Philosophy
260 _bTaylor and Francis
260 _c1993
365 _a
365 _b230
856 _uhttp://www.taylorfrancis.com/books/9780203423240
942 _cEBOOK
999 _c1818106
_d1818106